[Event "76th ch-BUL SF 2012"]
[Site "Plovdiv BUL"]
[Date "2012.02.06"]
[Round "1"]
[White "Kukov,V"]
[Black "Ibryamov,Ilhan"]
[Result "1-0"]
[WhiteElo "2414"]
[BlackElo "2115"]

1.Nf3 e6 2.c4 Nf6 3.g3 d5 4.Bg2 Be7 5.d4 O-O 6.Qc2 c6 7.O-O Nbd7 8.Nbd2 b6
9.e4 Bb7 10.e5 Ne8 11.cxd5 cxd5 12.Re1 b5 13.Nf1 a5 14.h4 g6 15.Bg5 Bxg5
16.hxg5 Rc8 17.Qd2 Ng7 18.Ne3 b4 19.Ng4 Qe7 20.Nf6+ Kh8 21.Qf4 Rfd8 22.Qh4 Nf8
23.g4 Rc2 24.Bf1 Rxb2 25.Bd3 h5 26.Kg2 Nf5 27.gxf5 exf5 28.Rh1 Kg7 29.Nxh5+ gxh5
30.Qxh5 Ng6 31.Qh6+ Kg8 32.Bxf5 Nf4+ 33.Kg3 Ne2+ 34.Kg4  1-0

[Event "11th Aeroflot Open B"]
[Site "Moscow RUS"]
[Date "2012.02.08"]
[Round "2"]
[White "Wen Yang"]
[Black "Pratyusha,B"]
[Result "1-0"]
[WhiteElo "2543"]
[BlackElo "2142"]

1.d4 Nf6 2.c4 e6 3.g3 d5 4.Nf3 Be7 5.Bg2 O-O 6.b3 a5 7.O-O a4 8.bxa4 dxc4
9.Ne5 c5 10.Bb2 Qa5 11.Nxc4 Qb4 12.Nbd2 Nc6 13.Ba3 Qxa4 14.Bxc5 Qxd1 15.Rfxd1 Bxc5
16.dxc5 Nd4 17.Nb6 Ra7 18.e3 Nb5 19.Ndc4 g6 20.Rd3 Nc7 21.Nd6 Bd7 22.Ne4  1-0

[Event "Bronshoj Lang Weekend 2012"]
[Site "Copenhagen DEN"]
[Date "2012.02.11"]
[Round "2"]
[White "Rostgaard,T"]
[Black "Rydstrom,Tom"]
[Result "1-0"]
[WhiteElo "2232"]
[BlackElo "1951"]

1.d4 d5 2.c4 e6 3.Nf3 Nf6 4.g3 Be7 5.Bg2 O-O 6.O-O b6 7.Nc3 Bb7 8.cxd5 Nxd5
9.Qc2 Nd7 10.e4 Nxc3 11.bxc3 c5 12.e5 Rc8 13.Ng5 Bxg5 14.Bxb7 Rc7 15.Bxg5 Qxg5
16.Qe4 cxd4 17.cxd4 Nb8 18.a4 Qe7 19.Ba8 Rd8 20.a5 Rcd7 21.axb6 axb6 22.Rfd1 Qb4
23.Qh4 g6 24.Qf6 Qe7 25.Qf4 Rc7 26.d5 exd5 27.Bxd5 Rcc8 28.Qe4 Re8 29.Re1 Rcd8
30.h4 Kh8 31.h5 Nd7 32.Ra7 Qg5 33.Bxf7 Nc5 34.Qf4 Qxf4 35.gxf4 Ra8 36.Rxa8 Rxa8
37.hxg6 Nd3 38.Re4 Kg7 39.f5 hxg6 40.Bxg6 Ra1+ 41.Kg2 Ra2 42.Kf3 Nxf2 43.Rh4 Nd3
44.Rh7+ Kg8 45.Ke4 Nf2+ 46.Kd5 Nd3 47.e6 Nf4+ 48.Ke5 Nxg6+ 49.fxg6 b5 50.e7 Re2+
51.Kd5 b4 52.Rf7  1-0

[Event "TCh-SVK Extraliga 2011-12"]
[Site "Slovakia SVK"]
[Date "2012.02.11"]
[Round "7.3"]
[White "Stohl,I"]
[Black "Jurcik,Mart"]
[Result "1/2-1/2"]
[WhiteElo "2524"]
[BlackElo "2355"]

1.d4 Nf6 2.c4 e6 3.g3 d5 4.Bg2 Be7 5.Nf3 O-O 6.O-O dxc4 7.Qa4 a6 8.Qxc4 b5
9.Qc2 Bb7 10.Bd2 Be4 11.Qc1 Bb7 12.Qc2 Be4 13.Qc1 Bb7 14.Bf4 Bd6 15.Nbd2 Bxf4
16.gxf4 Qd6 17.Nb3 Nbd7 18.Rd1 Bd5 19.Ne5 Rac8 20.Na5 c5 21.Nxd7 Nxd7  1/2-1/2

[Event "Bronshoj Lang Weekend 2012"]
[Site "Copenhagen DEN"]
[Date "2012.02.12"]
[Round "5"]
[White "Harestad,H"]
[Black "Palm,N"]
[Result "1/2-1/2"]
[WhiteElo "2265"]
[BlackElo "2253"]

1.d4 d5 2.c4 e6 3.Nf3 Nf6 4.g3 Be7 5.Bg2 O-O 6.O-O Nbd7 7.Qc2 c6 8.Nbd2 b6
9.e4 Nxe4 10.Nxe4 dxe4 11.Qxe4 Bb7 12.Rd1 Nf6 13.Qc2 Rc8 14.Bf4 Bd6 15.Be5 Qe7
16.Ng5 g6 17.Qd2 Rfd8 18.Qf4 Ne8 19.Ne4 f5 20.Nc3 Rd7 21.Re1 Rcd8 22.d5 exd5
23.cxd5 cxd5 24.Nxd5 Qf7 25.Bxd6 Nxd6 26.Nc3 Bxg2 27.Kxg2 Ne8 28.Re2 Nf6
29.Rae1 Rd4 30.Qg5 R8d7 31.Re6 Kg7 32.R6e5 h6 33.Qc1  1/2-1/2

[Event "11th Aeroflot Open B"]
[Site "Moscow RUS"]
[Date "2012.02.13"]
[Round "7"]
[White "Goriatchkin,J"]
[Black "Pratyusha,B"]
[Result "1/2-1/2"]
[WhiteElo "2311"]
[BlackElo "2142"]

1.d4 Nf6 2.c4 e6 3.g3 d5 4.Bg2 Be7 5.Nf3 O-O 6.Qc2 c5 7.cxd5 cxd4 8.Nxd4 Nxd5
9.Nb3 b6 10.O-O Bb7 11.Rd1 Nd7 12.Bd2 Rc8 13.Nc3 Bf6 14.Qd3  1/2-1/2

[Event "11th Aeroflot Open B"]
[Site "Moscow RUS"]
[Date "2012.02.14"]
[Round "8"]
[White "Pavlov,S2"]
[Black "Arabidze,M"]
[Result "1-0"]
[WhiteElo "2477"]
[BlackElo "2358"]

1.Nf3 Nf6 2.c4 e6 3.g3 d5 4.Bg2 Be7 5.d4 O-O 6.Nc3 c6 7.O-O b6 8.Ne5 Bb7
9.e4 dxc4 10.Nxc4 Ba6 11.b3 b5 12.Ne3 b4 13.Ne2 Bxe2 14.Qxe2 Qxd4 15.Bb2 Qb6
16.Rac1 Nbd7 17.Qc2 Qc5 18.Nc4 Rad8 19.h3 h6 20.a4 Nb8 21.Qe2 a5 22.Be5 Rd7
23.Bf4 Qa7 24.Bxb8 Rxb8 25.Ne5 c5 26.Nc6 Qb6 27.Nxb8 Qxb8 28.Rfd1 Qc7 29.Qb5 g5
30.Bf3 Kg7 31.Kg2 Rxd1 32.Rxd1 h5 33.Qe2 Qe5 34.Bxh5 Qxe4+ 35.Qxe4 Nxe4 36.Rd7 Kf6
37.Be2 Bf8 38.Bd3 Nd6 39.f4 gxf4 40.gxf4 e5 41.Rc7 e4 42.Bc2 Kf5 43.Rxc5+ Kxf4
44.Rxa5 Nf5 45.Kf2 Be7 46.Bd1 Nd4 47.Rd5 Bh4+ 48.Kf1 Nf5 49.Rd7 Ke3 50.Rxf7 Nd4
51.a5 Kd2 52.Rd7 Bf6 53.Be2  1-0

[Event "ch-Central Serbia 2012"]
[Site "Pozarevac SRB"]
[Date "2012.02.14"]
[Round "2.23"]
[White "Pantovic,D"]
[Black "Kostic,Tomislav"]
[Result "1/2-1/2"]
[WhiteElo "2150"]
[BlackElo "1813"]

1.Nf3 Nf6 2.c4 e6 3.g3 d5 4.d4 Be7 5.Bg2 O-O 6.O-O Nbd7 7.Qc2 b6 8.Ne5 Bb7
9.cxd5 Nxd5 10.Nc6 Bxc6 11.Qxc6 N7f6 12.a3 Qd7 13.Qxd7 Nxd7 14.e4 N5f6 15.Nc3 c6
16.Bf4 Rac8 17.Rac1 b5 18.Rfd1 Nb6 19.Bf1 Rfd8 20.h3 a5 21.e5 Nfd5 22.Nxd5 Nxd5
23.Bd2 b4 24.axb4 axb4 25.Be1 c5  1/2-1/2

[Event "TCh-CAT 2012"]
[Site "Catalunya ESP"]
[Date "2012.02.18"]
[Round "4.10"]
[White "Arias Boo,G"]
[Black "Colon Garcia,E"]
[Result "1-0"]
[WhiteElo "2316"]
[BlackElo "2308"]

1.d4 Nf6 2.c4 e6 3.g3 d5 4.Nf3 Be7 5.Bg2 O-O 6.O-O dxc4 7.Qc2 a6 8.Qxc4 b5
9.Qc2 Bb7 10.Bd2 Ra7 11.a3 Be4 12.Qc1 Nc6 13.e3 Qa8 14.Qd1 Nb8 15.Nc3 Bb7
16.b4 Nbd7 17.Ne1 Bxg2 18.Nxg2 e5 19.Ne2 Rd8 20.Qc2 exd4 21.exd4 Nb6 22.Ne3 g6
23.Rfc1 Ne4 24.Ng4 Nc4 25.Bh6 Ng5 26.Bxg5 Bxg5 27.Rd1 a5 28.bxa5 Rxa5 29.Ne5 Ne3
30.Qc6 Nxd1 31.Rxd1 Rxa3 32.Qxb5 Ra1 33.Rxa1 Qxa1+ 34.Kg2 Bf6 35.Nf3 Qa8
36.Qc4 g5 37.h3 h5 38.g4 hxg4 39.hxg4 Qe4 40.Ng3 Qxg4 41.Qxc7 Qd7 42.Qb6 Bxd4
43.Qh6 g4 44.Nxd4 Qxd4 45.Qg5+ Kf8 46.Nf5 Qd5+ 47.Kh2 Qe5+ 48.Kg2 Qe4+ 49.Kh2 Qe5+
50.Kg2 Rd1 51.Qh6+ Ke8 52.Qc6+ Kf8 53.Qc8+ Qe8 54.Qc5+ Kg8 55.Ne7+ Kg7 56.Nf5+ Kh7
57.Qc2 Qa8+ 58.Kg3 Qf3+ 59.Kh4 Rh1+ 60.Kg5 f6+ 61.Kxf6 Rh6+ 62.Ke5 Rc6 63.Qb1 Rc5+
64.Ke6 Qd5+ 65.Kf6 Qe5+ 66.Kg5 Qg7+ 67.Kf4  1-0

[Event "3rd Jerry Hanken FIDE Open"]
[Site "Stillwater USA"]
[Date "2012.02.18"]
[Round "1.14"]
[White "Carlson,Martin"]
[Black "Johnson,C"]
[Result "0-1"]
[WhiteElo "1877"]
[BlackElo "1890"]

1.d4 Nf6 2.c4 e6 3.g3 Be7 4.Bg2 d5 5.Nf3 O-O 6.O-O b6 7.Qc2 Bb7 8.Bf4 Na6
9.Nbd2 dxc4 10.Nxc4 c5 11.Rfd1 Qc8 12.Nd6 Bxd6 13.Bxd6 Re8 14.Rac1 Bd5 15.a3 Qb7
16.dxc5 Nxc5 17.Bxc5 bxc5 18.Qxc5 Qxb2 19.Rd2 Qb7 20.Rdc2 h6 21.Qe3 Rac8
22.Rxc8 Rxc8 23.Rxc8+ Qxc8 24.Qxa7 Qc1+ 25.Bf1 Ne4 26.Ne5 Ng5 27.f3 f6 28.Nd3 Qc2
29.Qf2 Qd1 30.Qe1 Qb3 31.Qa1 e5 32.h4 Ne6 33.Qb2 Qd1 34.Qc1 Qb3 35.Nc5 Qb6
36.e4 Nxc5 37.Qe3 Be6 38.Kg2 Qb2+ 39.Be2 Qd4 40.Qc1 Kh7 41.Bb5 f5 42.Bc6 fxe4
43.Bxe4+ Nxe4  0-1

[Event "Bunratty Open"]
[Site "Bunratty IRL"]
[Date "2012.02.19"]
[Round "5"]
[White "Short,P"]
[Black "Fox,An"]
[Result "1-0"]
[WhiteElo "2282"]
[BlackElo "2077"]

1.d4 Nf6 2.Nf3 d5 3.c4 e6 4.g3 Be7 5.Bg2 O-O 6.O-O dxc4 7.Qc2 a6 8.a4 Bd7
9.Ne5 Bc6 10.Nxc6 Nxc6 11.e3 Na5 12.Nd2 c6 13.Nxc4 Nxc4 14.Qxc4 a5 15.b3 Qb6
16.Bb2 Rfd8 17.Rac1 Bb4 18.h3 Rd7 19.Rc2 Qd8 20.e4 Qe7 21.f4 Rad8 22.Kh2 Ne8
23.Re2 Nd6 24.Qc2 Ne8 25.f5 exf5 26.Rxf5 f6 27.e5 fxe5 28.Rfxe5 Qf7 29.Rf2 Nf6
30.Ref5 Rxd4 31.Bxd4 Rxd4 32.Bf1 Qd7 33.Bc4+ Kh8 34.R5f3 Bd6 35.Rd3 Rh4 36.Kg1 Rxh3
37.Qd1 Nd5 38.Bxd5 cxd5 39.Rdf3 h5 40.Qxd5 Qc7 41.Rf8+ Bxf8 42.Rxf8+ Kh7
43.Qf5+  1-0

[Event "US Amateur Team-ch East"]
[Site "Parsippany USA"]
[Date "2012.02.20"]
[Round "6"]
[White "Winter,Curtis A"]
[Black "Petty,David A"]
[Result "1-0"]
[WhiteElo "1943"]
[BlackElo "1925"]

1.d4 Nf6 2.Nf3 e6 3.c4 d5 4.g3 Be7 5.Bg2 O-O 6.O-O c6 7.Qc2 Nbd7 8.Nbd2 b6
9.e4 dxe4 10.Nxe4 Nxe4 11.Qxe4 Bb7 12.Rd1 Nf6 13.Qe2 h6 14.Bf4 Bd6 15.Ne5 Bxe5
16.dxe5 Nd7 17.Rd6 Qc7 18.Rad1 Nc5 19.Qg4 Kh8 20.b4 Na6 21.Rd7 Qc8 22.Qh4 Nb8  1-0

[Event "ch-ROU Women 2012"]
[Site "Sarata Monteoru ROU"]
[Date "2012.02.21"]
[Round "9.3"]
[White "Cosma,E"]
[Black "Padurariu,I"]
[Result "1-0"]
[WhiteElo "2325"]
[BlackElo "2247"]

1.Nf3 Nf6 2.c4 e6 3.g3 d5 4.d4 Be7 5.Bg2 O-O 6.Qb3 c5 7.cxd5 Nxd5 8.O-O Nc6
9.dxc5 Bxc5 10.Nc3 Nxc3 11.Qxc3 Qb6 12.Bf4 f6 13.Rac1 Bb4 14.Qc4 Na5 15.Qc7 Qxc7
16.Bxc7 Nc6 17.a3 Be7 18.Nd2 Nd4 19.Rfe1 e5 20.Bd5+ Kh8 21.e3 Ne6 22.Ne4 f5
23.Nd6 Bxd6 24.Bxd6 Rd8 25.Rxc8 Raxc8 26.Bxe6 Rc6 27.Be7 Re8 28.Bd7 Rxe7
29.Bxc6 bxc6 30.Rc1 Re6 31.Rd1 Kg8 32.Rd7 c5 33.Rxa7 Rb6 34.Rc7 c4 35.Rxc4 Rxb2
36.Rc5 Kf7 37.Rxe5 Kf6 38.Ra5 g5 39.h3 h5 40.Kg2 g4 41.h4 Ra2 42.Ra8 Kg7
43.a4 Ra3 44.a5 Ra1 45.a6 Kh7 46.a7 Kg7 47.f4 gxf3+ 48.Kxf3 Ra4 49.Ke2 Ra3
50.Kd2 Ra2+ 51.Kc3 Ra4 52.Kb3 Ra1 53.Kb4 Kh7 54.Kc5 Kg7 55.Kd6 Ra5 56.Ke6 Kh7
57.Kf6  1-0

[Event "16th Metropolitan IM"]
[Site "Los Angeles USA"]
[Date "2012.02.23"]
[Round "3"]
[White "Kavutskiy,K"]
[Black "King,Alexander B"]
[Result "1/2-1/2"]
[WhiteElo "2315"]
[BlackElo "2081"]

1.Nf3 d5 2.c4 e6 3.g3 Nf6 4.Bg2 Be7 5.d4 dxc4 6.O-O a6 7.Ne5 Ra7 8.a4 b6
9.Nxc4 Bb7 10.Nc3 Bxg2 11.Kxg2 Nc6 12.e3 Qa8 13.Qf3 Nb4 14.b3 Qxf3+ 15.Kxf3 O-O
16.Ba3 Re8 17.Bxb4 Bxb4 18.Rac1 Nd7 19.Rfd1 Raa8 20.Ke2 Rad8 21.f4 f6 22.e4 Nb8
23.Ne3 Nc6 24.d5 exd5 25.Ncxd5 Bc5 26.Nxc7 Rxd1 27.Nxd1 Rxe4+ 28.Kf3 f5 29.Nxa6 Nd4+
30.Kg2 Nxb3 31.Rb1 Rxa4 32.Nxc5  1/2-1/2

[Event "ch-POL 2012"]
[Site "Warsaw POL"]
[Date "2012.02.23"]
[Round "6"]
[White "Jaracz,P"]
[Black "Swiercz,D"]
[Result "1-0"]
[WhiteElo "2542"]
[BlackElo "2583"]

1.Nf3 Nf6 2.c4 e6 3.g3 d5 4.Bg2 Be7 5.d4 O-O 6.Qc2 c6 7.O-O b6 8.Nbd2 Ba6
9.b3 c5 10.Bb2 Nc6 11.dxc5 bxc5 12.Ne5 Nxe5 13.Bxe5 Rc8 14.e3 Qb6 15.Rfd1 Rfd8
16.Rac1 Bb7 17.cxd5 exd5 18.Bh3 Nd7 19.Bb2 d4 20.e4 Qh6 21.Bg2 Ne5 22.Nc4 Nxc4
23.bxc4 Rb8 24.Rb1 Qa6 25.Bc1 Bc6 26.Bf4 Rxb1 27.Rxb1 d3 28.Qb3 Ba4 29.Qb7 Qxb7
30.Rxb7 Bf6 31.Rxa7 Be8 32.e5 g5 33.Bd2 Bxe5 34.Bd5 Bd7 35.Bxg5 Bg4 36.Bxf7+ Kh8
37.h3 d2 38.Bxd2 Bf3 39.Bd5 Bxd5 40.cxd5 Rxd5 41.Be3 c4 42.Kg2 c3 43.Kf3 Bd4
44.Bxd4+ Rxd4 45.Rc7 Rd3+ 46.Kg2 Kg8 47.a4 Rd4 48.Rxc3 Rxa4 49.Rc7  1-0

[Event "ch-BUCA 2012"]
[Site "High Wycombe ENG"]
[Date "2012.02.25"]
[Round "5"]
[White "Wei,James"]
[Black "Ertbjerg,A"]
[Result "1-0"]
[WhiteElo "1918"]
[BlackElo "2038"]

1.d4 e6 2.c4 d5 3.Nf3 Nf6 4.g3 Be7 5.Bg2 O-O 6.O-O c6 7.b3 Nbd7 8.Bb2 Re8
9.Qc2 Nf8 10.Nc3 Ng6 11.e4 dxe4 12.Nxe4 Qc7 13.Nc3 e5 14.dxe5 Ng4 15.Rad1 N4xe5
16.Nxe5 Nxe5 17.Ne4 Bg4 18.f3 Bh5 19.Qc3 Bf8 20.c5 f6 21.f4 Nf7 22.Rde1 Rad8
23.Bh3 Nh6 24.Qb4 f5 25.Ng5 Bg4 26.Bxg4 Rxe1 27.Rxe1 Nxg4 28.Ne6 Qd7 29.Nxd8 Qxd8
30.Qc4+ Kh8 31.Qf7 Nh6 32.Bxg7+ Bxg7 33.Re8+  1-0

[Event "TCh-CZE Liga1 Vychod"]
[Site "Czech Rep CZE"]
[Date "2012.02.26"]
[Round "9"]
[White "Polak,T"]
[Black "Zpevak,P"]
[Result "0-1"]
[WhiteElo "2543"]
[BlackElo "2392"]

1.d4 Nf6 2.c4 e6 3.g3 d5 4.Bg2 Be7 5.Nf3 O-O 6.O-O c6 7.Qc2 Nbd7 8.Rd1 b6
9.Nc3 Ba6 10.b3 Rc8 11.e4 dxc4 12.Bf4 b5 13.bxc4 bxc4 14.Ne5 Nb6 15.a4 Qe8
16.Rab1 Nbd7 17.Nf3 Nh5 18.Be3 Nhf6 19.h3 Bd8 20.Bf4 Qe7 21.g4 Ba5 22.g5 Nh5
23.Be3 f5 24.Bd2 Bxc3 25.Bxc3 Nf4 26.Bb4 c5 27.Ba3 Nd3 28.e5 Nb6 29.Qd2 Nd5
30.Qa5 c3 31.Qxa6 N3b4 32.Qc4 c2 33.Rdc1 cxb1=Q 34.Rxb1 cxd4 35.Qxd4 a5 36.h4 Rfd8
37.Bb2 Nc3 38.Qxc3 Rxc3 39.Bxc3 Rd3 40.Be1 Qd7 41.Bxb4 Rd1+ 42.Rxd1 Qxd1+
43.Be1 Qxa4 44.Bc3 Qa3 45.Bd4 a4 46.Kh2 Qb4 47.Bf1 a3 48.Be2 a2 49.Kg2 Kf7
50.Kg3 Ke7 51.Kg2 Kd7 52.Ba1 Qe4 53.Bd1 Kc7 54.Bd4 Kb7 55.Kg3 Qd3 56.Ba4 Qe4
57.Bd1 Kb8 58.Kg2 Kc8 59.Kg3 Qg4+ 60.Kh2 Qxd4  0-1

[Event "TCh-CZE Liga 1 Zapad"]
[Site "Czech Rep CZE"]
[Date "2012.02.26"]
[Round "9.3"]
[White "Likavsky,T"]
[Black "Freisler,P"]
[Result "1-0"]
[WhiteElo "2486"]
[BlackElo "2323"]

1.d4 Nf6 2.c4 e6 3.g3 d5 4.Bg2 Be7 5.Nf3 O-O 6.O-O dxc4 7.Qc2 a6 8.a4 Bd7
9.Ne5 Bc6 10.Nxc6 Nxc6 11.e3 Na5 12.Nd2 c5 13.dxc5 Rc8 14.b4 cxb3 15.Nxb3 Nd7
16.Nxa5 Qxa5 17.Bxb7 Rxc5 18.Qe2 Bf6 19.Bd2 Qc7 20.Rab1 a5 21.Bg2 Rb8 22.Qa6 Bc3
23.Bxc3 Rxc3 24.Rxb8+ Nxb8 25.Qa8 Rb3 26.Rd1 g6 27.Bf1 Kg7 28.Bb5 Rc3 29.h3 h5
30.Qe4 Nc6 31.Rd2 Rc1+ 32.Kg2 Ne5 33.Kh2 Qc3 34.Re2 Nc4 35.Qd4+ Qxd4 36.exd4 Nd6
37.Re5 Rd1 38.Ba6 Rxd4 39.Rxa5 Rd2 40.Kg1 Ne4 41.Re5 Nxf2 42.Bf1 Nd3 43.Re3 Nc5
44.Ra3 Rd6 45.a5 Na6 46.Rb3 f5 47.Rb6 Rxb6 48.axb6 Nc5 49.Bb5 Kf7 50.Bc6 Ke7
51.b7 Na6 52.h4 Kd6 53.Bb5 Nb8 54.Bc4 e5 55.Bf7 f4 56.Bxg6 fxg3 57.Bxh5 Kc7
58.Bf3 Nd7 59.h5 Nf6 60.h6 Kb8 61.Kg2 Kc7 62.Bc6 Kb8 63.Kxg3 e4 64.Kf4 e3
65.Bf3 e2 66.Bxe2 Kxb7 67.Kf5 Nh7 68.Kg6 Nf8+ 69.Kf7  1-0

[Event "32nd TCh-IND 2012"]
[Site "Panaji IND"]
[Date "2012.02.28"]
[Round "2"]
[White "Kunte,A"]
[Black "Suri,D2"]
[Result "1-0"]
[WhiteElo "2548"]
[BlackElo "2148"]

1.d4 d5 2.c4 e6 3.Nf3 Nf6 4.g3 Be7 5.Bg2 O-O 6.O-O b6 7.cxd5 exd5 8.Nc3 Bb7
9.Bf4 a6 10.Rc1 Nbd7 11.Nh4 c5 12.Nf5 c4 13.Ne3 Ra7 14.Ncxd5 Nxd5 15.Nxd5 Bxd5
16.Bxd5 b5 17.Bg2 Nb6 18.d5 Bd6 19.Bxd6 Qxd6 20.Qd4 Re7 21.e4 f6 22.f4 Rfe8
23.b3 Rc7 24.Rfe1 Qc5 25.Qxc5 Rxc5 26.b4 Rcc8 27.e5 fxe5 28.fxe5 Nd7 29.e6 Nf8
30.d6  1-0

[Event "2nd HD Bank Cup 2012"]
[Site "Ho Chi Minh City VIE"]
[Date "2012.03.02"]
[Round "1.11"]
[White "Gomez,Joh"]
[Black "Bao Khoa"]
[Result "1-0"]
[WhiteElo "2512"]
[BlackElo "2221"]

1.d4 Nf6 2.c4 e6 3.g3 Be7 4.Bg2 d5 5.Nf3 O-O 6.O-O c6 7.Qc2 b6 8.Rd1 Ba6
9.b3 Nbd7 10.Bb2 Rc8 11.Nc3 Qc7 12.e4 dxc4 13.Nd2 e5 14.Nxc4 exd4 15.Rxd4 b5
16.Ne3 Bc5 17.Ne2 b4 18.Nf5 Bxd4 19.Nexd4 Ne5 20.Qd2 Ne8 21.Rc1 c5 22.Nf3 Nd3
23.Bf1 Rd8 24.Qe3 c4 25.Bxg7 Nxg7 26.Nh6+ Kh8 27.Bxd3 Qb6 28.Qxb6 axb6 29.Bxc4 Rc8
30.Ng5 Ne8 31.Nhxf7+ Kg7 32.Ne5 b5 33.Ne6+ Kg8 34.Nxf8+ Kxf8 35.Nd7+ Kg7
36.Nb6 Rc5 37.Rb1 bxc4 38.bxc4 Nd6 39.Rxb4 Nxe4 40.Ra4 Bb7 41.Ra7 Nd6 42.a4 Kh6
43.f4 Be4 44.g4 Nxc4 45.Nd7 Rd5 46.Nf6 Rd1+ 47.Kf2 Rd2+ 48.Kg3 Rd3+ 49.Kh4 Bd5
50.f5  1-0

[Event "TCh-ISR 2011-12"]
[Site "Israel ISR"]
[Date "2012.03.02"]
[Round "11.4"]
[White "Postny,E"]
[Black "Nesterovsky,A"]
[Result "1-0"]
[WhiteElo "2640"]
[BlackElo "2278"]

1.d4 Nf6 2.Nf3 e6 3.c4 d5 4.g3 Be7 5.Bg2 O-O 6.Qc2 dxc4 7.Qxc4 a6 8.Qc2 Nc6
9.O-O Nxd4 10.Nxd4 Qxd4 11.Qxc7 Re8 12.Qc2 Nd5 13.Rd1 Qg4 14.Bf3 Qg6 15.Be4 Qh5
16.Bf3 Qg6 17.Qb3 b5 18.Nc3 Bb7 19.Nxd5 exd5 20.Bxd5 Bxd5 21.Rxd5 Qe6 22.Be3 Bf6
23.Rd2 Qxb3 24.axb3 h6 25.Rd6 Re6 26.Rd5 Rc8 27.Rd2 Rec6 28.Kg2 Rc2 29.Rxa6 Rxd2
30.Bxd2 Rc2 31.Rd6 Rxb2 32.Rd3 h5 33.f4 g6 34.Kf3 Rb1 35.Bb4 Rb2 36.h3 Bg7
37.Bc5 f5 38.b4 Rb1 39.Rd8+ Kf7 40.Rd7+ Kg8 41.Rb7 Rb3+ 42.e3 Rb2 43.Rxg7+  1-0

[Event "32nd TCh-IND 2012"]
[Site "Panaji IND"]
[Date "2012.03.02"]
[Round "7"]
[White "Kunte,A"]
[Black "Ganesh,Ba"]
[Result "1-0"]
[WhiteElo "2548"]
[BlackElo "2109"]

1.d4 Nf6 2.c4 e6 3.Nf3 d5 4.g3 Be7 5.Bg2 O-O 6.O-O dxc4 7.Qc2 a6 8.a4 Bd7
9.Qxc4 Bc6 10.Bf4 a5 11.Nc3 Na6 12.Rae1 Bxf3 13.Bxf3 c6 14.e4 Qb6 15.Re2 Rad8
16.d5 cxd5 17.exd5 exd5 18.Bxd5 Bb4 19.Bf3 Bxc3 20.Qxc3 Nd5 21.Bxd5 Rxd5
22.Re7 Nb4 23.Qc7 Qxc7 24.Rxc7 b5 25.b3 h6 26.Be3 Rfd8 27.Rb7 bxa4 28.bxa4 Rc8
29.Rb1 Rc2 30.Rb5 Ra2 31.Kg2 Nc2 32.Ba7 Rd7 33.Rxa5 Na3 34.Rc1 Nc2 35.Bb6 Rd2
36.Ra8+ Kh7 37.Rd8 Ne3+ 38.Kf3 Nd5 39.a5 Ra3+ 40.Kg2 Ne3+ 41.Kg1 Rxd8 42.Bxd8 Nd5
43.Rc6 g5 44.Rd6 Nb4 45.Kg2 Ra2 46.Kf3 f5 47.Bb6 Nc2 48.Ke2 Kg7 49.Rd2  1-0

[Event "83rd ch-GER 2012"]
[Site "Osterburg GER"]
[Date "2012.03.03"]
[Round "2"]
[White "Wagner,De"]
[Black "Stern,R"]
[Result "1/2-1/2"]
[WhiteElo "2379"]
[BlackElo "2502"]

1.d4 Nf6 2.c4 e6 3.g3 d5 4.Nf3 Be7 5.Bg2 O-O 6.O-O dxc4 7.Qa4 a6 8.Qxc4 b5
9.Qc2 Bb7 10.Bd2 Be4 11.Qc1 Qc8 12.Bg5 Nbd7 13.Qf4 Bd6 14.Qh4 h6 15.Bxf6 Nxf6
16.Nbd2 Bb7 17.Rac1 Re8 18.e4 Nd7 19.Nb3 a5 20.Rfe1 a4 21.Nc5 Nxc5 22.dxc5 Be7
23.Qh5 Bf6 24.c6 Ba6 25.e5 Be7 26.Re4 Bf8 27.Rg4 b4 28.Qxh6 Bd3 29.Qh4 b3
30.Ng5 Be7 31.axb3 axb3 32.Rd1 Qa6 33.h3 Bg6 34.Re1 Qa5 35.Re2 Qb5 36.Re3 Ra1+
37.Kh2 Qc5 38.Rc4 Qb5 39.Rcc3 Ra4 40.f4 Bc2 41.Rxb3 Rb4 42.Rxb4 Qxb4 43.Qg4 Rd8
44.Qe2 Rd2 45.Qe1 Bc5 46.Re2 Rxe2 47.Qxe2 Qxb2 48.Qd2 Qd4 49.Qxd4 Bxd4 50.Be4 Bd1
51.g4 Bf2 52.Kg2 Bh4 53.Bf3 Ba4 54.Be4 Bd1 55.Nf3 Bxf3+ 56.Kxf3 g6 57.g5 Be1
58.Kg4 Bd2 59.h4 Kg7 60.Bf3 Kf8 61.Kg3 Be1+  1/2-1/2

[Event "10th Khazar Cup"]
[Site "Rasht IRI"]
[Date "2012.03.03"]
[Round "4"]
[White "Pantsulaia,L"]
[Black "Toufighi,H"]
[Result "1/2-1/2"]
[WhiteElo "2595"]
[BlackElo "2428"]

1.Nf3 Nf6 2.g3 e6 3.Bg2 Be7 4.c4 d5 5.d4 O-O 6.Qc2 dxc4 7.Nbd2 Bd7 8.O-O Bb5
9.Nxc4 Nbd7 10.Rd1 c5 11.Bg5 Nd5 12.Bxe7 Qxe7 13.Qb3 Ba6 14.Nfe5 Nxe5 15.dxe5 Bxc4
16.Qxc4 Nb6 17.Qb5 Rfd8 18.Rac1 Rxd1+ 19.Rxd1 g6 20.a4 Rd8 21.Rxd8+ Qxd8
22.a5 Qd1+ 23.Bf1 Qa4 24.Qxc5 Nc4 25.Qd4 Qb3 26.e3 Nxb2 27.Qxa7 Kg7 28.Qd4 Na4
29.Be2 Qa3 30.Qf4 Nc5 31.Qf6+ Kg8 32.Qd8+ Kg7 33.Qc7 Nb3 34.Qc3 Qa2 35.Bc4 Qb1+
36.Kg2 Nxa5 37.Bxe6 fxe6 38.Qc7+ Kh6 39.Qxa5 Qe4+ 40.Kg1 Qb1+ 41.Kg2 Qe4+  1/2-1/2

[Event "TCh-AUT 2 Mitte 2011-12"]
[Site "St. Veit AUT"]
[Date "2012.03.03"]
[Round "8"]
[White "Kilgus,G"]
[Black "Neubauer,M"]
[Result "1/2-1/2"]
[WhiteElo "2427"]
[BlackElo "2431"]

1.Nf3 d5 2.d4 Nf6 3.c4 e6 4.g3 Be7 5.Bg2 O-O 6.O-O dxc4 7.Qa4 a6 8.Qxc4 b5
9.Qc2 Bb7 10.Bg5 Nbd7 11.Bxf6 Nxf6 12.Nbd2 Rc8 13.Nb3 Be4 14.Qc3 Nd5 15.Qd2 c5
16.dxc5 Bxc5 17.Nxc5 Rxc5 18.Rac1 Rxc1 19.Rxc1 Qa8 20.Qd4 Nf6 21.Rc7 h6 22.h3 Bb7
23.Rc1 Rd8 24.Qe3 Rc8 25.Rc5 Rd8 26.Rc1 Rc8 27.Rc5 Rd8 28.Rc1  1/2-1/2

[Event "2nd HD Bank Cup 2012"]
[Site "Ho Chi Minh City VIE"]
[Date "2012.03.04"]
[Round "5.2"]
[White "Le Quang Liem"]
[Black "Xiu Deshun"]
[Result "1-0"]
[WhiteElo "2698"]
[BlackElo "2492"]

1.d4 Nf6 2.c4 e6 3.g3 d5 4.Bg2 Be7 5.Nf3 O-O 6.O-O dxc4 7.Qa4 a6 8.Qxc4 b5
9.Qc2 Bb7 10.Bd2 Be4 11.Qc1 Bb7 12.a4 b4 13.Bf4 Nd5 14.Rd1 c5 15.dxc5 Nxf4
16.gxf4 Qc7 17.Nbd2 Nd7 18.c6 Qxc6 19.Nb3 Rad8 20.Na5 Qxc1 21.Raxc1 Bxf3
22.Bxf3 Nb8 23.Rxd8 Bxd8 24.Nb7 Bf6 25.b3 Bc3 26.Rd1 Rc8 27.Rd6 Kf8 28.Rb6 Bd2
29.e3 Ke7 30.Na5 Rc1+ 31.Kg2 Nd7 32.Rxa6 Rc2 33.Kf1 Nc5 34.Ra7+ Kf6 35.Nc6 Bc3
36.Nd8 Rd2 37.Rxf7+ Kg6 38.Rc7 Nxb3 39.Be4+ Kh6 40.Nxe6 Ra2 41.Kg2 Nd2 42.Ng5 Nxe4
43.Nxe4 Ba1 44.Rb7 Rxa4 45.Nc5 Ra2 46.Rxb4 Bc3 47.Rb6+ Kh5 48.Ne4 Ba1 49.Ng3+ Kh4
50.Rb5 g6 51.h3 Bf6 52.Rh5+  1-0

[Event "2nd HD Bank Cup 2012"]
[Site "Ho Chi Minh City VIE"]
[Date "2012.03.04"]
[Round "5.28"]
[White "Tong,Thai Hung"]
[Black "Bui Vinh"]
[Result "1/2-1/2"]
[WhiteElo "2126"]
[BlackElo "2463"]

1.d4 e6 2.Nf3 Nf6 3.c4 d5 4.g3 Be7 5.Bg2 O-O 6.O-O c6 7.b3 a5 8.Nc3 Nbd7
9.Bb2 b6 10.Rc1 Ba6 11.Nd2 Rc8 12.e4 b5 13.e5 Ne8 14.c5 b4 15.Ne2 f6 16.f4 Nc7
17.Nf3 Qe8 18.Rf2 Qg6 19.Rc2 Bb5 20.Bc1 f5 21.Be3 Ra8 22.Nc1 Rfb8 23.Ne1 Nf8
24.Bf3 Qe8 25.h4 Qc8 26.Rh2 a4 27.h5 axb3 28.axb3 Ra1 29.Ra2 Ra8 30.Rxa1 Rxa1
31.Ra2 Rxa2 32.Nxa2 Qa6 33.Nxb4 Qa3 34.Bd2 Nd7 35.Qc2 Qa8 36.Qa2 Qb7 37.Qa5 Na6
38.Nxa6 Bxa6 39.Bd1 Kf7 40.Kg2 Ke8 41.Qb4 Qa8  1/2-1/2

[Event "TCh-AUT 2 Mitte 2011-12"]
[Site "St. Veit AUT"]
[Date "2012.03.04"]
[Round "9"]
[White "Supancic,D"]
[Black "Nemeth,Mi1"]
[Result "1/2-1/2"]
[WhiteElo "2368"]
[BlackElo "2438"]

1.Nf3 Nf6 2.d4 e6 3.g3 d5 4.Bg2 Be7 5.c4 O-O 6.cxd5 exd5 7.Nc3 c6 8.O-O Re8
9.Ne5 Bd6 10.f4 Qb6 11.e3 Nbd7 12.h3 Nf8 13.Kh2 Qc7 14.Bd2 Be6 15.Rc1 Qe7
16.Be1 Rad8 17.a3 Bc8 18.Bf2 N6d7 19.Re1 Bb8 20.Qc2 Nxe5 21.dxe5 f6 22.exf6 Qxf6
23.e4 dxe4 24.Nxe4 Qf5 25.Qb3+ Ne6 26.Rcd1 Kh8 27.Rxd8 Rxd8 28.Rd1 Rxd1 29.Qxd1 Qf8
30.Nc5  1/2-1/2

[Event "European Ind w 2012"]
[Site "Gaziantep TUR"]
[Date "2012.03.05"]
[Round "4"]
[White "Lahno,Kateri"]
[Black "Kashlinskaya,A"]
[Result "1/2-1/2"]
[WhiteElo "2546"]
[BlackElo "2377"]

1.c4 e6 2.Nf3 d5 3.g3 Nf6 4.Bg2 Be7 5.d4 O-O 6.Qc2 a6 7.Bf4 dxc4 8.Qxc4 Nd5
9.Nc3 Nxf4 10.gxf4 Qd6 11.e3 Qb4 12.Qxb4 Bxb4 13.Rc1 Nd7 14.a3 Be7 15.Ne4 c6
16.Nfd2 Nf6 17.Nc5 Nd5 18.Nc4 f6 19.Nd3 Rd8 20.Ke2 a5 21.Rhd1 Bd7 22.e4 b5
23.Ne3 Nxe3 24.Kxe3 Rab8 25.e5 Rb6 26.Nc5 Bc8 27.Nb3 fxe5 28.fxe5 a4 29.Na5 Bd7
30.Nxc6 Bxc6 31.Rxc6 Rxc6 32.Bxc6 Rb8 33.Rd3 Rb6 34.Bd7 g5 35.Ke4 Kf8 36.Rf3+ Kg8
37.d5 exd5+ 38.Kxd5 b4 39.Bxa4 bxa3 40.bxa3 Ra6 41.Bc2 Rxa3 42.Bxh7+ Kxh7
43.Rf7+ Kg8 44.Rxe7 Rf3 45.Ra7 Rxf2 46.e6 Kf8 47.h3 Rf3 48.Rh7 Re3 49.Kd6 Rd3+
50.Ke5 Rf3 51.e7+ Ke8 52.Ke6 Re3+ 53.Kf6 Rf3+ 54.Kxg5 Re3 55.Kf6 Re6+ 56.Kf5 Rxe7
57.Rh4 Kf7 58.Rg4 Ra7 59.h4 Ra5+ 60.Ke4  1/2-1/2

[Event "2nd HD Bank Cup 2012"]
[Site "Ho Chi Minh City VIE"]
[Date "2012.03.06"]
[Round "8.8"]
[White "Gomez,Joh"]
[Black "Nguyen Duc Hoa"]
[Result "1/2-1/2"]
[WhiteElo "2512"]
[BlackElo "2453"]

1.d4 d5 2.c4 e6 3.Nf3 Nf6 4.g3 Be7 5.Bg2 O-O 6.O-O dxc4 7.Qc2 a6 8.Qxc4 b5
9.Qc2 Bb7 10.Bd2 Be4 11.Qc1 Bb7 12.Qc2 Be4 13.Qc1 Bb7 14.Bf4 Bd6 15.Nbd2 Bxf4
16.gxf4 Qd6 17.Nb3 Nbd7 18.Rd1 Rfd8 19.Ne5 Bxg2 20.Kxg2 Nd5 21.Nxd7 Qxd7
22.e3 e5 23.dxe5 Qg4+ 24.Kh1 Qf3+ 25.Kg1 Qg4+ 26.Kh1 Qf3+ 27.Kg1 Qg4+ 28.Kh1  1/2-1/2